| 000 | 00803cam a2200217 4500 | ||
|---|---|---|---|
| 020 | _a0486209741 | ||
| 040 | _cDLC | ||
| 082 | 0 | 0 | _a630 DOV 1973 A042 Or. |
| 100 | 1 | _aKains, M. G. | |
| 245 | 1 | 0 |
_aFive acres and independence; _ba practical guide to the selection and management of the small farm. |
| 250 | _aRev. and enl. ed. | ||
| 260 |
_aNew York, _bDover Publications _c[1973] |
||
| 300 |
_axv, 397 p. _billus. _c22 cm. |
||
| 500 | _aReprint of the 1940 ed. published by Greenberg, New York, originally issued in 1935 under title: Five acres. | ||
| 650 | 0 | _aAgriculture | |
| 650 | 0 | _aFarm management. | |
| 650 | 0 | _aAgriculture | |
| 856 | 4 | 2 | _uhttp://www.loc.gov/catdir/description/dover032/72092758.html |
| 856 | 4 | 1 | _uhttp://www.loc.gov/catdir/enhancements/fy1318/72092758-t.html |
| 942 | _cEK | ||
| 999 |
_c12332 _d12332 |
||